Wittmann, Rebecca. Beyond justice. - Cambridge, Mass. [u.a.] : Harvard Univ. Press. - 2005 [Rezension]
| Titel: | Wittmann, Rebecca. Beyond justice. - Cambridge, Mass. [u.a.] : Harvard Univ. Press. - 2005 [Rezension] |
|---|---|
| Verfasser: | |
| In: |
Journal of genocide research, Band 8, Heft 2 (2006), Seite 229-234 alle Artikel anzeigen |
| Veröffentlicht: | 2006 |
| Format: | Aufsatz |
| Sprache: | Englisch |
X
alg: 39488619
001A $01999:12-11-16
001B $01999:03-08-21 $t21:05:37.000
001D $01999:12-11-16
001U $0utf8
001X $00
002@ $0Aox
003@ $0394886194
007A $0394886194 $aHEB
007T $0Herdc0027376m
010@ $aeng
011@ $a2006
021A $aWittmann, Rebecca. Beyond justice. - Cambridge, Mass. {[u.a.] : Harvard Univ. Press. - 2005 [Rezension]
028A $aLower $dWendy
031A $d8 $e2 $h229-234 $j2006
039B $aIn $8--Abvc--. Journal of genocide research. - Abingdon, Oxfordshire : Routledge, 1999-. - ISSN 1462-3528 $x200600000080002771 $9071389202
039T $8--Aau--Wittmann, Rebecca$Z1970- [Tp1]. Beyond justice. - Cambridge, Mass. {[u.a.] : Harvard Univ. Press, 2005. - 336 S.. - Ill.. - ISBN 0-674-01694-7 $9128088346
045F $a900.9438 $eDDC23BSB
045F/01 $a900
045F/03 $g438
045T $aJUDAICA $qDE-30 $2FID
045T $a7,7 $a8
lok: 39488619 78
exp: 39488619 78 1 #EPN
201B/01 $018-11-16 $t13:02:40.000
201U/01 $0utf8
203@/01 $0791184773
208@/01 $a12-11-16 $be
209A/01 $a/ $f000 $x00
220C/01 $aTitelaufnehmer: pg
244Z/01 $2Trx $#Poola $#Lenkija $#Polija $#Polen Land $#Poland $#Lengyelország $#Poľsko $#Polsko $8--Trx--Polska$gkraj $x01 $9391345966
244Z/01 $2Trx $#arvustused $#recenzijos $#Reviews $#recenziók $#recenzje $#recenzie $#recenze $8--Trx--Rezensionen $x02 $9391357441
247C/01 $82080>Marburg/Lahn, Herder-Institut, Forschungsbibliothek, Bibliographieportal $9336309341
| LEADER | 00000caa a22000002c 4500 | ||
|---|---|---|---|
| 001 | 394886194 | ||
| 003 | DE-603 | ||
| 005 | 20210803210537.0 | ||
| 007 | tu | ||
| 008 | 161112s2006 xx |||| | u00||u|eng c | ||
| 035 | |a (DE-599)HEB394886194 | ||
| 040 | |a DE-603 |b ger |c DE-603 |d DE-603 | ||
| 041 | |a eng | ||
| 082 | 0 | 4 | |8 1\u |a 900.9438 |q DE-101 |2 23/BSB |
| 084 | |a JUDAICA |q DE-30 |2 fid | ||
| 084 | |a 7,7 |a 8 |2 ssgn | ||
| 085 | |8 1\u |b 900 | ||
| 085 | |8 1\u |z 2 |s 438 | ||
| 100 | 1 | |a Lower, Wendy | |
| 245 | 0 | 0 | |a Wittmann, Rebecca. Beyond justice. - Cambridge, Mass. [u.a.] : Harvard Univ. Press. - 2005 [Rezension] |
| 264 | 0 | |c 2006 | |
| 773 | 0 | 8 | |i In |t Journal of genocide research |d Abingdon, Oxfordshire : Routledge, 1999- |x 1462-3528 |g Band 8, Heft 2 (2006), Seite 229-234 |w (DE-603)071389202 |w (DE-600)1452128-3 |
| 787 | 0 | 8 | |i Rezension von |a Wittmann, Rebecca, 1970- |t Beyond justice |d Cambridge, Mass. [u.a.] : Harvard Univ. Press, 2005 |h 336 S., Ill. |z 0674016947 |w (DE-603)128088346 |
| 924 | 0 | |9 2080 |a (DE-603)791184773 |b DE-2080 |c HES |d d |g / | |


